| 000 | 00674cam a22002297a 4500 | ||
|---|---|---|---|
| 001 | 000010664 | ||
| 005 | 20200929162250.0 | ||
| 008 | 000218s2000 sp b 000 0 spa | ||
| 010 | _a00317098 | ||
| 020 | _a8430603719 | ||
| 035 | _a(SpBaP)pu 000003042 | ||
| 040 |
_aDO-SdBNP _cDLC _dDLC |
||
| 050 | 0 | 0 | _aMLCS 2000/02994 (H) |
| 100 | 1 |
_aGubern, Roman. _925837 |
|
| 245 | 1 | 3 |
_aEl eros electronico / _cRoman Gubern. |
| 260 |
_aMadrid : _bTaurus, _cc2000. |
||
| 300 |
_a225 p. ; _c22 cm. |
||
| 490 | 1 | _aPensamiento | |
| 504 | _aIncludes bibliographical references (p. 221-225). | ||
| 830 | 0 |
_aPensamiento (Taurus (Firm)) _920704 |
|
| 910 | _aCatalogación por copia / LC | ||
| 999 |
_c10419 _d10419 |
||